000 00431nam a2200169Ia 4500
008 210716s1992 xx 000 0 und d
020 _a76515780
041 _aeng
082 _a004 DHER
100 _aDheenadayalu R.
245 _aComputer science.
250 _a1
260 _aNew Delhi
_bTata Mc Graw Hill Publishing Company
_c1992
300 _aXII,132
440 _v1
650 _aData processing, Computer science(004)
999 _c182848
_d182848